00308cam a22000737a 4500008004000000100004500040245011100085260003800196180718b1987 xxu||||| |||| 00| 0 eng d aIndia. Ministry of Education and Culture aA handbook of educational and allied statisticscby Ministry of Education and Culture, Government of India aNew DelhibGovernment Pressc1987